000 00580cab a2200205 4500
001 WB2648-15
008 090401t1990 xxu||||| |||| 00| 0 eng d
035 _a(Sirsi) u40800
041 _aeng
245 _aPopularity of Scotland rises
260 _c1990
350 _a0
490 _aGuardian
_v6/12/90 p2
520 _aFor the first time in 20 years, more people are moving to Scotland than are leaving, according to a survey by the OPCS .
650 _aMIGRATION
650 _aPOPULATION TRENDS
690 _aECONOMIC AND SOCIAL
942 _n0
948 _c04/03/1997
999 _c26147
_d26147